• 首页
  • 本馆介绍
  • 公告通知
  • 最新文献
  • 馆藏检索
  • 电子资源
  • 读者导购
  • 参考咨询
  • 我的图书馆
  • 登录
  • 详细信息显示
  • 放入我的书架
  • 预约/预借图书
  • 作者相关作品
  • 分类相关作品
  • 丛书相关作品
  • 出版社相关作品

书目信息

  • 表格格式
  • 工作单格式
  • 卡片格式
题名:
社会主义核心价值观成语故事读本
    
 
作者: 王静 主编 ;樊云剑 编著
分册:   民主
出版信息: 呼和浩特   内蒙古人民出版社  2019.4
页数: 202页
开本: 24cm
丛书名:
单 册:
中图分类: D616-49 , H136.31-49 , I247.81
科图分类:
主题词: 成语--cheng yu--故事--作品集--中国
电子资源:
ISBN: 978-7-204-15886-7
000 01128nam0 2200277 450
001 2156263104
005 20211011172911.0
010    @a978-7-204-15886-7@dCNY39.00
100    @a20200603d2019 em y0chiy0120 ea
101 0  @achi
102    @aCN@b150000
105    @aa z 000fy
106    @ar
200 1  @a社会主义核心价值观成语故事读本@Ashe hui zhu yi he xin jia zhi guan cheng yu gu shi du ben@i民主@f王静主编@g樊云剑编著
210    @a呼和浩特@c内蒙古人民出版社@d2019.4
215    @a202页@c图@d24cm
330    @a《社会主义核心价值观成语故事读本·民主篇》以学生实际生活中常见的人、物、事为素材基础,以相关实践研究成果为理论依据,精选一些具有经典性、哲理性、时代性、实用性、趣味性等特点的成语,每则成语故事内容深入浅出、生动有趣、通俗易懂,读后耐人寻味、启迪智慧。使学生逐步认识、理解、践行社会主义核心价值观。
517 1  @a民主@Amin zhu
606 0  @a成语@Acheng yu@x故事@x作品集@y中国
690    @aD616-49@v5
690    @aH136.31-49@v5
690    @aI247.81@v5
701  0 @a王静@Awang jing@4主编
702  0 @a樊云剑@Afan yun jian@4编著
801  0 @aCN@b百万庄@c20211006
905    @b1305238-241@dD616-49@e303@f4
    
    社会主义核心价值观成语故事读本.民主/王静主编/樊云剑编著.-呼和浩特:内蒙古人民出版社,2019.4
    202页:图;24cm
    
    
    ISBN 978-7-204-15886-7:CNY39.00
    《社会主义核心价值观成语故事读本·民主篇》以学生实际生活中常见的人、物、事为素材基础,以相关实践研究成果为理论依据,精选一些具有经典性、哲理性、时代性、实用性、趣味性等特点的成语,每则成语故事内容深入浅出、生动有趣、通俗易懂,读后耐人寻味、启迪智慧。使学生逐步认识、理解、践行社会主义核心价值观。
●
相关链接 在E读中查询图书 在五车中查询图书 在当当中查询图书 在豆瓣中查询图书


正题名:社会主义核心价值观成语故事读本     索取号:D616-49/303         预约/预借

序号 登录号 条形码 馆藏地/架位号 状态 备注
1 1305238   213052382   第一样本阅览室/ [索取号:D616-49/303] 在馆    
2 1305239   213052391   第一借阅区/ [索取号:D616-49/303] 在馆    
3 1305240   213052408   第一借阅区/ [索取号:D616-49/303] 在馆    
4 1305241   213052417   第一借阅区/ [索取号:D616-49/303] 在馆    
唐山师范学院图书馆 欢迎您!
大连网信软件有限公司© 版权所有